000 00270nam a22000857a 4500
008 160509b xxu||||| |||| 00| 0 eng d
100 _aYerkes, Lester M. American Topical Association
245 _aTennis philately
650 _aTopical Collecting | Tennis | Sports and Recreation
999 _c1982
_d1982